000 00573nam a22002057a 4500
999 _c6964
_d6964
003 OSt
005 20210520123831.0
008 210520b ||||| |||| 00| 0 eng d
020 _a9789353502508
040 _cDCC
082 _a330 FRO 2018
100 _aFroeb, Luke.M ; McCann,Brian ; Shor, Mikhael
_914280
245 _aManagerial Economics:
_b Aproblem solving Approach
250 _a5th ed.
260 _aSingapore:
_bCengage;
_c2018
300 _axvi,332p.:
_bill;
_c24cm.
504 _aIncludes Index.
650 _aManagerial Economics
_914281
942 _2ddc
_cBOOK